Abastecimiento de agua potable a Madrid y pueblos cercanos ; (Record no. 123189)

MARC details
000 -LEADER
campo de control de longitud fija 00794nam a2200193 i 4500
001 - NÚMERO DE CONTROL
campo de control 123189
003 - IDENTIFICADOR DE NÚMERO DE CONTROL
campo de control ES-MaACL
005 - FECHA Y HORA DE LA ÚLTIMA TRANSACCIÓN
campo de control 20240206170156.0
007 - CAMPO FIJO DE DESCRIPCIÓN FÍSICA--INFORMACIÓN GENERAL
campo de control de longitud fija t|
008 - DATOS DE LONGITUD FIJA--INFORMACIÓN GENERAL
campo de control de longitud fija 070214s1905 sp r ||||0| spa d
100 1# - ENTRADA PRINCIPAL--NOMBRE DE PERSONA
Nombre de persona Quereizaeta, Alejandro.
9 (RLIN) 94531
245 10 - MENCIÓN DEL TÍTULO
Título Abastecimiento de agua potable a Madrid y pueblos cercanos ;
Resto del título Fluido eléctrico para alumbrado público y particular ; Energía mecánica para usos industriales y riego a los campos y terrenos /
Mención de responsabilidad, etc. Alejandro Quereizaeta.
260 ## - PUBLICACIÓN, DISTRIBUCIÓN, ETC.
Lugar de publicación, distribución, etc. Madrid :
Nombre del editor, distribuidor, etc. [s.n.],
Fecha de publicación, distribución, etc. 1905 (
Fabricante Imp. de Antonio Marzo)
300 ## - DESCRIPCIÓN FÍSICA
Extensión 60 p. ;
Dimensiones 17 cm.
650 #4 - PUNTO DE ACCESO ADICIONAL DE MATERIA--TÉRMINO DE MATERIA
Término de materia o nombre geográfico como elemento de entrada Agua-
Subdivisión general Abastecimiento-
Subdivisión geográfica Madrid (Comunidad Autónoma)
9 (RLIN) 174820
650 #7 - PUNTO DE ACCESO ADICIONAL DE MATERIA--TÉRMINO DE MATERIA
Término de materia o nombre geográfico como elemento de entrada Iluminación eléctrica
Fuente del encabezamiento o término embne
9 (RLIN) 235076
852 4# - LOCALIZACIÓN
Ubicación ES-MaACL
Número de control de estantería T-1032-F-3
Holdings
Estatus retirado Estado de pérdida Estado de daño No para préstamo Colección Biblioteca de origen Biblioteca actual Ubicación en estantería Fecha de adquisición Fuente de adquisición Total de préstamos Signatura topográfica completa Código de barras Visto por última vez Precio de reemplazo Tipo de ítem Koha
        Colección de folletos Biblioteca del Ateneo de Madrid Biblioteca del Ateneo de Madrid Depósito folletos 17/01/2008     T-1032-F-3 1128361 23/02/2023 23/02/2023 Folleto